| 000 | 00361nam a2200145Ia 4500 | ||
|---|---|---|---|
| 008 | 230312s9999||||xx |||||||||||||| ||und|| | ||
| 020 | _a0-7506-3447-2 | ||
| 082 |
_a621.384 _bHIC-P |
||
| 100 | _aHickman;Ian | ||
| 245 | 0 | _aPractical Radio-Frequency Handbook | |
| 260 |
_bElsevier _aIndia _c2000 |
||
| 300 | _a302 | ||
| 650 |
_aEngineering _vAvionics |
||
| 942 | _cBK | ||
| 999 |
_c9429 _d9429 |
||